00729nam a2200241 a 4500001001300000003000900013005001700022008004100039020001200080082001500092100000700107245008100114260004200195300000800237500003500245505001700280650003300297700000700330902000800337942000700345952011800352999001700470nice12345678IN_TiNIC20260116015129.0050524s1992 lona grp 000 0 eng  ac234.500a291.3bMUL a,  aMulti-Faith Worshipb Question and Suggestions from the Inter-Faith Consulta aLondonbChurch House Publishingc1992 a66p aincludes index and biblioraphy2 aBibliography aComparative Religion-Worship1 a,  bSRS cBK 001040708StackRoom-aHMIbHMId2007-10-30g234.50l0o291.3 MULp11000565r2007-10-30v234.50w2005-05-24yBK c18426d18426